[Event "Prague Golden op 11th"]
[Site "Prague"]
[Date "2015.06.27"]
[Round "8"]
[White "Rousek, Jan"]
[Black "Chaloupka, Josef"]
[Result "1/2-1/2"]
[WhiteElo "1633"]
[BlackElo "1730"]
[PlyCount "52"]
[EventDate "2015.06.21"]
[EventType "swiss"]
[EventRounds "9"]
[EventCountry "CZE"]
[SourceTitle "EXT 2017"]
[Source "ChessBase"]
[SourceDate "2016.10.25"]
[SourceVersion "1"]
[SourceVersionDate "2016.10.25"]
[SourceQuality "1"]

1. d4 Nf6 2. g3 e6 3. c4 Bb4+ 4. Bd2 c5 5. Bxb4 cxb4 6. Bg2 0-0 7. Nf3 d5 8. a3 Qa5 9. 0-0 dxc4 10. Nbd2 b5 11. axb4 Qxb4 12. Ng5 Nd5 13. e4 Ne7 14. e5 Nd5 15. Be4 g6 16. b3 cxb3 17. Nxb3 Qe7 18. f4 Nc3 19. Qd2 Nxe4 20. Nxe4 Bb7 21. Nf6+ Kg7 22. f5 h6 23. Nh5+ Kh7 24. Nf6+ Kg7 25. Nh5+ Kh7 26. Nf6+ Kg7 1/2-1/2

[Event "Prague Golden op 11th"]
[Site "Prague"]
[Date "2015.06.26"]
[Round "7"]
[White "Ruzicka, Vaclav"]
[Black "Rousek, Jan"]
[Result "1/2-1/2"]
[WhiteElo "1680"]
[BlackElo "1633"]
[PlyCount "128"]
[EventDate "2015.06.21"]
[EventType "swiss"]
[EventRounds "9"]
[EventCountry "CZE"]
[SourceTitle "EXT 2017"]
[Source "ChessBase"]
[SourceDate "2016.10.25"]
[SourceVersion "1"]
[SourceVersionDate "2016.10.25"]
[SourceQuality "1"]

1. d4 c5 2. d5 e5 3. c4 d6 4. e4 Be7 5. g3 f5 6. Bg2 Nf6 7. Nc3 0-0 8. Be3 Ng4 9. Bd2 fxe4 10. Nxe4 Bf5 11. f4 exf4 12. Bxf4 Bxe4 13. Bxe4 Rxf4 14. gxf4 Bh4+ 15. Ke2 Nf2 16. Qc2 Nxh1 17. Bxh1 Qe7+ 18. Qe4 Qxe4+ 19. Bxe4 Nd7 20. Bf5 Re8+ 21. Be6+ Kh8 22. Kd3 Nb6 23. b3 Rf8 24. Rf1 Nc8 25. Ne2 Ne7 26. Nc3 Ng6 27. f5 Ne5+ 28. Ke2 a6 29. Ne4 Be7 30. a4 Ng4 31. h3 Nf6 32. Ng3 Rb8 33. Kd3 b5 34. axb5 axb5 35. cxb5 Rxb5 36. Kc3 Rb4 37. Ra1 Nxd5+ 38. Kc2 Nc7 39. Ra7 Bd8 40. Bc4 Rb8 41. Be6 g6 42. Ne4 Nb5 43. Rd7 gxf5 44. Nxd6 Nd4+ 45. Kc3 Ba5+ 46. Kc4 Nxe6 47. Nxf5 Rb4+ 48. Kd5 Nd4 49. Nd6 Nxb3 50. Nc4 Kg8 51. Ra7 Ra4 52. Rb7 Bb4 53. Ke6 Ra6+ 54. Kf5 Na5 55. Rb8+ Kg7 56. Ne3 c4 57. Rxb4 c3 58. Nc2 Rf6+ 59. Ke4 Rh6 60. Rb5 Rh4+ 61. Kd3 Rxh3+ 62. Ke2 Nc4 63. Rc5 Nd6 64. Rc7+ Kf8 1/2-1/2

[Event "Prague Golden op 11th"]
[Site "Prague"]
[Date "2015.06.25"]
[Round "6"]
[White "Pribyl, Viktor"]
[Black "Rousek, Jan"]
[Result "1-0"]
[WhiteElo "1699"]
[BlackElo "1633"]
[PlyCount "65"]
[EventDate "2015.06.21"]
[EventType "swiss"]
[EventRounds "9"]
[EventCountry "CZE"]
[SourceTitle "EXT 2017"]
[Source "ChessBase"]
[SourceDate "2016.10.25"]
[SourceVersion "1"]
[SourceVersionDate "2016.10.25"]
[SourceQuality "1"]

1. d4 c5 2. c3 cxd4 3. cxd4 d5 4. Bf4 Nc6 5. e3 Nf6 6. Nf3 Bf5 7. Nc3 a6 8. Qb3 Na5 9. Qa4+ b5 10. Bxb5+ axb5 11. Nxb5 Bd7 12. Ne5 Bxb5 13. Qxb5+ Nd7 14. Qxd5 Nxe5 15. Qxe5 Qd6 16. Qb5+ Qc6 17. a4 e6 18. 0-0 Qxb5 19. axb5 Bb4 20. Ra4 Be7 21. Rfa1 Bd8 22. b4 0-0 23. bxa5 Be7 24. b6 g5 25. Bg3 Rad8 26. b7 Bd6 27. Bxd6 Rxd6 28. Rb4 Rb8 29. a6 Rd7 30. a7 Rdxb7 31. Rxb7 Ra8 32. Rb8+ Rxb8 33. axb8Q+ 1-0

[Event "Prague Golden op 11th"]
[Site "Prague"]
[Date "2015.06.23"]
[Round "4"]
[White "Plchot, Miroslav"]
[Black "Rousek, Jan"]
[Result "1-0"]
[WhiteElo "1911"]
[BlackElo "1633"]
[PlyCount "95"]
[EventDate "2015.06.21"]
[EventType "swiss"]
[EventRounds "9"]
[EventCountry "CZE"]
[SourceTitle "EXT 2017"]
[Source "ChessBase"]
[SourceDate "2016.10.25"]
[SourceVersion "1"]
[SourceVersionDate "2016.10.25"]
[SourceQuality "1"]

1. e4 c5 2. Nf3 e6 3. Nc3 Nc6 4. Bb5 Nf6 5. 0-0 a6 6. Bxc6 bxc6 7. d3 Be7 8. b3 0-0 9. Ne5 Qc7 10. f4 d5 11. Qe1 Nd7 12. Ng4 h5 13. Nf2 Bb7 14. Nh3 e5 15. Ng5 Bd6 16. f5 Nf6 17. Qg3 c4 18. Nf3 Bc5+ 19. Kh1 Bb4 20. Bh6 g6 21. fxg6 Ng4 22. gxf7+ Rxf7 23. Na4 Kh8 24. Bg5 Rg8 25. Qh4 Bc8 26. h3 Rh7 27. Bf6+ Nxf6 28. Qxf6+ Qg7 29. Nxe5 Qxf6 30. Rxf6 cxd3 31. cxd3 dxe4 32. dxe4 c5 33. Nc6 Ba3 34. Re1 Bb7 35. Na5 Bb4 36. Nxb7 Bxe1 37. Naxc5 Rhg7 38. Rh6+ Rh7 39. Rxa6 Bg3 40. Rf6 Ra8 41. a4 Re8 42. Nd6 Rd8 43. Ne6 Bxd6 44. Nxd8 Be7 45. Re6 Bb4 46. Nc6 Be1 47. Re8+ Kg7 48. Re7+ 1-0

[Event "Prague Golden op 11th"]
[Site "Prague"]
[Date "2015.06.22"]
[Round "2"]
[White "Havlicek, Jiri1111"]
[Black "Rousek, Jan"]
[Result "0-1"]
[WhiteElo "1513"]
[BlackElo "1633"]
[PlyCount "66"]
[EventDate "2015.06.21"]
[EventType "swiss"]
[EventRounds "9"]
[EventCountry "CZE"]
[SourceTitle "CBM 167 Extra"]
[Source "ChessBase"]
[SourceDate "2015.09.14"]
[SourceVersion "1"]
[SourceVersionDate "2015.09.14"]
[SourceQuality "1"]

1. d4 c5 2. d5 e5 3. dxe6 fxe6 4. e4 Nf6 5. Nc3 Nc6 6. Nf3 Be7 7. h4 0-0 8. Bg5 h6 9. Bxf6 Bxf6 10. g4 Qa5 11. Qd2 Bxc3 12. bxc3 Rxf3 13. h5 Qxc3 14. Qxc3 Rxc3 15. Kd2 Rf3 16. Rh2 d5 17. exd5 exd5 18. Re1 Bxg4 19. Be2 Rh3 20. Rg2 Bxe2 21. Rxe2 Rxh5 22. Re6 Nd4 23. Re7 Nf3+ 24. Kc3 d4+ 25. Kb2 Rg5 26. Rxg5 Nxg5 27. Rxb7 h5 28. Re7 h4 29. Re5 Nf3 30. Rh5 g6 31. Rxc5 h3 32. Rc6 h2 33. Rxg6+ Kh7 0-1

[Event "Prague Golden op 11th"]
[Site "Prague"]
[Date "2015.06.21"]
[Round "1"]
[White "Rousek, Jan"]
[Black "Eisenbruk, Jakub"]
[Result "0-1"]
[WhiteElo "1633"]
[BlackElo "1783"]
[PlyCount "58"]
[EventDate "2015.06.21"]
[EventType "swiss"]
[EventRounds "9"]
[EventCountry "CZE"]
[SourceTitle "CBM 167 Extra"]
[Source "ChessBase"]
[SourceDate "2015.09.14"]
[SourceVersion "1"]
[SourceVersionDate "2015.09.14"]
[SourceQuality "1"]

1. e4 c6 2. d4 d5 3. Nc3 dxe4 4. Nxe4 Nd7 5. Nf3 Ngf6 6. Nxf6+ Nxf6 7. Bc4 e6 8. 0-0 Bd6 9. Bg5 Qc7 10. Bxf6 gxf6 11. Re1 Bd7 12. d5 cxd5 13. Bxd5 0-0-0 14. Bb3 Bc6 15. Qe2 a5 16. a4 Bxf3 17. Qxf3 Bxh2+ 18. Kf1 Be5 19. c3 Rd2 20. Re4 Qb6 21. Rc4+ Kb8 22. Ba2 Rxb2 23. Kg1 Rxa2 24. Rd1 Rb2 25. g3 Rd8 26. Rxd8+ Qxd8 27. Qh5 Rb1+ 28. Kh2 Qd5 29. Rc8+ Kxc8 0-1

[Event "CZE-ch U10"]
[Site "Kouty nad Desnou"]
[Date "2015.03.09"]
[Round "3"]
[White "Kolar, Jan"]
[Black "Rousek, Jan"]
[Result "1-0"]
[WhiteElo "1326"]
[BlackElo "1674"]
[PlyCount "103"]
[EventDate "2015.03.07"]
[EventType "swiss"]
[EventRounds "9"]
[EventCountry "CZE"]
[SourceTitle "EXT 2017"]
[Source "ChessBase"]
[SourceDate "2016.10.25"]
[SourceVersion "1"]
[SourceVersionDate "2016.10.25"]
[SourceQuality "1"]

1. d4 d5 2. c4 c6 3. Nc3 dxc4 4. e4 b5 5. b3 cxb3 6. Qxb3 Nf6 7. Be3 e6 8. Nf3 Qa5 9. Bd3 Bb4 10. Bd2 0-0 11. a3 Bxc3 12. Bxc3 Qb6 13. 0-0 Bb7 14. Qc2 Nfd7 15. e5 f5 16. exf6 Nxf6 17. Ng5 h6 18. Nxe6 Re8 19. Nf4 Nbd7 20. Qb3+ Nd5 21. Nxd5 cxd5 22. Qxb5 Qxb5 23. Bxb5 Re7 24. Bb4 Rf7 25. Rac1 Nf6 26. Bc6 Bxc6 27. Rxc6 Re8 28. Rc2 Re4 29. Bc5 Rc7 30. Rd2 a6 31. f3 Re3 32. Rc1 Nd7 33. Kf2 Rb3 34. Rdc2 Nxc5 35. Rxc5 Rxc5 36. dxc5 Rb8 37. Ke3 Kf7 38. Kd4 Ke6 39. Re1+ Kd7 40. Kxd5 Rc8 41. Re6 a5 42. c6+ Kc7 43. Re7+ Kb8 44. Rb7+ Ka8 45. Rxg7 Kb8 46. Kd6 a4 47. Re7 Ka8 48. Kd7 Kb8 49. Re8 Rxe8 50. Kxe8 Kc7 51. f4 Kxc6 52. f5 1-0

[Event "CZE-ch U10"]
[Site "Kouty nad Desnou"]
[Date "2015.03.08"]
[Round "2"]
[White "Rousek, Jan"]
[Black "Jares, Michal"]
[Result "1-0"]
[WhiteElo "1674"]
[BlackElo "1308"]
[PlyCount "81"]
[EventDate "2015.03.07"]
[EventType "swiss"]
[EventRounds "9"]
[EventCountry "CZE"]
[SourceTitle "EXT 2017"]
[Source "ChessBase"]
[SourceDate "2016.10.25"]
[SourceVersion "1"]
[SourceVersionDate "2016.10.25"]
[SourceQuality "1"]

1. d4 Nf6 2. Nf3 e6 3. c4 d5 4. Nc3 Bd6 5. g3 b6 6. Bg2 Bb7 7. Ne5 Nbd7 8. Bf4 0-0 9. 0-0 Re8 10. Qa4 Rf8 11. Nxd7 Qxd7 12. Qxd7 Nxd7 13. Bxd6 cxd6 14. cxd5 Bxd5 15. Bxd5 exd5 16. Nxd5 Nf6 17. Nxf6+ gxf6 18. Rac1 Rac8 19. Kg2 b5 20. Kf3 Kg7 21. d5 f5 22. Rc6 Rxc6 23. dxc6 Rc8 24. Rc1 Rc7 25. Kf4 Kf6 26. g4 fxg4 27. Kxg4 Kg6 28. Kf4 f5 29. e4 fxe4 30. Kxe4 Kf6 31. Kd5 Ke7 32. f4 Rc8 33. f5 Kf6 34. Kxd6 Kxf5 35. c7 Kf4 36. Kd7 Rg8 37. c8Q Rg7+ 38. Kc6 Rg6+ 39. Kc7 Rg7+ 40. Kb8 Rb7+ 41. Kxb7 1-0

[Event "CZE-ch U10"]
[Site "Kouty nad Desnou"]
[Date "2015.03.07"]
[Round "1"]
[White "Mach, Petr"]
[Black "Rousek, Jan"]
[Result "1-0"]
[WhiteElo "1458"]
[BlackElo "1674"]
[PlyCount "51"]
[EventDate "2015.03.07"]
[EventType "swiss"]
[EventRounds "9"]
[EventCountry "CZE"]
[SourceTitle "EXT 2017"]
[Source "ChessBase"]
[SourceDate "2016.10.25"]
[SourceVersion "1"]
[SourceVersionDate "2016.10.25"]
[SourceQuality "1"]

1. e4 e5 2. Nf3 Nc6 3. Bc4 Bc5 4. c3 Nf6 5. d4 exd4 6. cxd4 Bb4+ 7. Bd2 Nxe4 8. Bxb4 Nxb4 9. Bxf7+ Kxf7 10. Qb3+ d5 11. Qxb4 Rf8 12. Nc3 Kg8 13. Nxe4 dxe4 14. Qc4+ Kh8 15. Ne5 Qf6 16. 0-0 Be6 17. Qxc7 Rac8 18. Qxb7 Rc2 19. f3 Qg5 20. Rf2 Qe3 21. Raf1 Rxf2 22. Rxf2 Rc8 23. Nc6 Qc1+ 24. Rf1 Qxc6 25. Qxc6 Rxc6 26. fxe4 1-0